000 00956nam a2200289Ia 4500
001 24106
003 BD-RjUL
005 20211209001018.0
008 041108m1994uuuuii 000 0 eng d
035 _a(OCoLC)ocm56928973
035 _a(BD-RjUL)24172
040 _aZCU
_cZCU
_beng
_dBD-RjUL
041 _aeng
082 0 4 _a923.2
_bGAS V-3 1997
100 1 _aGadgil, N V.
_d1896-1966.
_974261
245 1 0 _aSelected works of N.V. Gadgil :
_bFirst series /
_cN V Gadgil; Ravindra Kumar; N.V. Gadgil National Society.
_nVolume third
260 _aMeerut :
_bN.V. Gadgil National Society,
_cc1997.
300 _a231 p. ;
_c25 cm.
504 _aIncludes index.
650 0 _ahistory
_vpolitical conditions
_y20c -- 1920p -- 1930p -- 1940p.
_974262
651 0 _aIndia
_zSouth Asia.
_974263
700 1 _aKumar, Ravindra,
_d1959-
_974264
710 2 _aGadgil National Society.
_974265
942 _2ddc
_cBK
999 _c24106
_d24106